Manažment prevádzky penziónu
Salvato in:
| Autore principale: | |
|---|---|
| Altri autori: | |
| Natura: | Libro |
| Lingua: | slovacco |
| Pubblicazione: |
Banská Bystrica
DALI-BB
2018
|
| Edizione: | 1. vydanie |
| Soggetti: | |
| Tags: |
Nessun Tag, puoi essere il primo ad aggiungerne!!
|
MARC
| LEADER | 00000nam a2200000 4500 | ||
|---|---|---|---|
| 001 | 0251058 | ||
| 005 | 20240221112948.1 | ||
| 020 | |a 978-80-8141-201-1 | ||
| 041 | 0 | |a slo | |
| 044 | |a SK | ||
| 245 | 1 | 0 | |a Manažment prevádzky penziónu |c Peter Patúš, Jaroslava Marušková |
| 250 | |a 1. vydanie | ||
| 264 | 1 | |a Banská Bystrica |b DALI-BB |c 2018 | |
| 300 | |a 212 s. | ||
| 610 | 2 | 0 | |a ruch cestovný |
| 610 | 2 | 0 | |a zariadenia ubytovacie |
| 610 | 2 | 0 | |a penzióny |
| 610 | 2 | 0 | |a globalizácia |
| 610 | 2 | 0 | |a internacionalizácia |
| 610 | 2 | 0 | |a podnikanie |
| 610 | 2 | 0 | |a zákazníci |
| 610 | 2 | 0 | |a registrácia |
| 610 | 2 | 0 | |a zásobovanie |
| 610 | 2 | 0 | |a pohostinstvo |
| 610 | 2 | 0 | |a výroba |
| 610 | 2 | 0 | |a odbyt |
| 610 | 2 | 0 | |a bezpečnosť |
| 610 | 2 | 0 | |a ekológia |
| 610 | 2 | 0 | |a hygiena |
| 610 | 2 | 0 | |a marketing služieb |
| 100 | 1 | |a Patúš, Peter | |
| 700 | 1 | |a Marušková, Jaroslava | |